| 000 | 00647nam a2200157 i 4500 | ||
|---|---|---|---|
| 001 | 43710 | ||
| 003 | ES-MaACL | ||
| 005 | 20230906160849.0 | ||
| 007 | t| | ||
| 008 | 030318s1883 sp ||||1| spa d | ||
| 245 | 0 | 0 | _aCatálogo de los objetos que el establecimiento minero de Almaden presenta en la Exposición Nacional de Minería, Artes Metalúrgicas, Cerámica, Cristalería y Aguas Minerales. |
| 260 |
_aMadrid : _b[s.n.], _c1883 ( _fFortanet) |
||
| 300 |
_a14 p. ; _c16 cm. |
||
| 711 | 2 |
_aExposición Nacional de Minería, Artes Metalúrgicas, Cerámica, Cristalería y Aguas Minerales ( _d1883. _cMadrid) _9707 |
|
| 852 |
_aES-MaACL _jT-411-F-4 |
||
| 999 |
_c43710 _d43710 |
||